000 00500nam a2200169Ia 4500
003 OSt
005 20201127164105.0
008 190216s9999||||xx |||||||||||||| ||und||
040 _coclc
082 _a920
_bNAI/T
100 _aNair, S Gupthan
_96688
245 0 _aTagore Kaviyum Manushyanum /
_cS Gupthan Nair
260 _bSahithya Pravarthaka Co-Operative,
_aKottayam;
_c1982.
300 _a139p
650 _aJeeva Charithram
942 _cBK
_2ddc
_h920
_iNAI/T
_k920
_mNAI/T
999 _c25461
_d25461